| 000 | 01614cam a22003974a 4500 | ||
|---|---|---|---|
| 001 | 3441 | ||
| 003 | FISKH | ||
| 005 | 20240305160920.0 | ||
| 008 | 990323s2000 nyuab j b 001 0deng | ||
| 010 | _a 99025607 | ||
| 020 | _a0823414477 | ||
| 040 |
_aDLC _cDLC _dDLC _beng |
||
| 042 |
_apcc _alcac |
||
| 043 | _ae-dk--- | ||
| 050 | 0 | 0 |
_aDS135.D4 _bL4 2000 |
| 082 | 0 | 0 |
_a940.53/18/09489 _221 |
| 100 | 1 | _aLevine, Ellen. | |
| 245 | 1 | 0 |
_aDarkness over Denmark : _bthe Danish resistance and the rescue of the Jews / _cEllen Levine. |
| 250 | _aFirst Scholastic printing, April 2001 | ||
| 260 |
_aNew York : _bScholastic, _c2000. |
||
| 300 |
_a164 pages : _billustrations ; maps ; _c26 cm. |
||
| 504 | _aIncludes bibliographical references (p. 157-158) and index. | ||
| 520 | _aAn account of people in Denmark who risked their lives to protect and rescue their Jewish neighbors from the Nazis during World War II. | ||
| 650 | 0 |
_aJews _xPersecutions _zDenmark _vJuvenile literature. |
|
| 650 | 0 |
_aHolocaust, Jewish (1939-1945) _zDenmark _vJuvenile literature. |
|
| 650 | 0 |
_aWorld War, 1939-1945 _xJews _xRescue _zDenmark _vJuvenile literature. |
|
| 650 | 1 |
_aJews _xPersecutions _zDenmark. |
|
| 650 | 1 |
_aHolocaust, Jewish (1939-1945) _zDenmark. |
|
| 650 | 1 |
_aWorld War, 1939-1945 _xJews _xRescue _zDenmark. |
|
| 651 | 0 |
_aDenmark _xHistory _yGerman occupation, 1940-1945 _vJuvenile literature. |
|
| 651 | 0 |
_aDenmark _xEthnic relations _vJuvenile literature. |
|
| 651 | 1 |
_aDenmark _xHistory _yGerman occupation, 1940-1945. |
|
| 906 |
_a7 _bcbc _corignew _d1 _eocip _f19 _gy-gencatlg |
||
| 942 |
_2ddc _cBK _n0 |
||
| 999 |
_c3441 _d3441 |
||